Frak You!: The Ultimate Unauthorized Guide to Battlestar Galactica (Record no. 348669)
[ view plain ]
| 000 -LEADER | |
|---|---|
| fixed length control field | 00324nam a2200109Ia 4500 |
| 008 - FIXED-LENGTH DATA ELEMENTS--GENERAL INFORMATION | |
| fixed length control field | 171211s9999 xx 000 0 und d |
| 245 ## - TITLE STATEMENT | |
| Title | Frak You!: The Ultimate Unauthorized Guide to Battlestar Galactica |
| 245 ## - TITLE STATEMENT | |
| Statement of responsibility, etc | Jo Storm |
| 260 ## - PUBLICATION, DISTRIBUTION, ETC. (IMPRINT) | |
| Date of publication, distribution, etc | 2007 |
| 650 ## - SUBJECT ADDED ENTRY--TOPICAL TERM | |
| General subdivision | music |
| 856 ## - ELECTRONIC LOCATION AND ACCESS | |
| Uniform Resource Identifier | <a href="http://down.ebook777.com/061/9781550227895.pdf">http://down.ebook777.com/061/9781550227895.pdf</a> |
| Withdrawn status | Lost status | Damaged status | Home library | Current library | Date acquired | Total Checkouts | Date last seen | Price effective from | Koha item type |
|---|---|---|---|---|---|---|---|---|---|
| College Library | College Library | 12/11/2017 | 12/11/2017 | 12/11/2017 | Curriculum - Based eBooks |